• 首页
  • 本馆介绍
  • 公告通知
  • 最新文献
  • 馆藏检索
  • 电子资源
  • 读者导购
  • 参考咨询
  • 我的图书馆
  • 登录
  • 详细信息显示
  • 放入我的书架
  • 预约/预借图书
  • 作者相关作品
  • 分类相关作品
  • 丛书相关作品
  • 出版社相关作品

书目信息

  • 表格格式
  • 工作单格式
  • 卡片格式
题名:
软件测试
    
 
作者: 郭雷 主编
分册:  
出版信息: 北京   高等教育出版社  2017
页数: 297页
开本: 26cm
丛书名:
单 册:
中图分类: TP311.55
科图分类:
主题词: 软件--测试--高等职业教育--教材
电子资源:
ISBN: 978-7-04-047251-6
000 00964nam0 2200241 450
001 0104214245
005 20170913170119.0
010    @a978-7-04-047251-6@dCNY46.80
100    @a20170609d2017 em y0chiy0120 ea
101 0  @achi
102    @aCN@b110000
105    @aa z 000yy
106    @ar
200 1  @a软件测试@9Ruan Jian Ce Shi @f郭雷主编@b专著
210    @a北京@c高等教育出版社@d2017
215    @a297页@c图@d26cm
300    @a“十二五”职业教育国家规划教材修订版 国家职业教育软件技术专业教学资源库配套教材 高等职业教育计算机类课程新形态一体化规划教材
330    @a本书以培养软件测试能力为目标,注重软件测试技术的应用,按软件测试的工作过程设计学习过程,选取了典型的工作任务组织教学内容,本书共分为6个单元,内容包括:软件测试入门,黑盒测试,白盒测试,单元测试,自动化测试。
606 0  @a软件@x测试@x高等职业教育@j教材
690    @aTP311.55@v5
701  0 @a郭雷@4主编@9guo lei
801  0 @aCN@bAZmarc@c20230904
905    @aBZT@dTP311@e143@f1@sTP311/143
    
    软件测试/郭雷主编.-北京:高等教育出版社,2017
    297页:图;26cm
    “十二五”职业教育国家规划教材修订版 国家职业教育软件技术专业教学资源库配套教材 高等职业教育计算机类课程新形态一体化规划教材
    
    ISBN 978-7-04-047251-6:CNY46.80
    本书以培养软件测试能力为目标,注重软件测试技术的应用,按软件测试的工作过程设计学习过程,选取了典型的工作任务组织教学内容,本书共分为6个单元,内容包括:软件测试入门,黑盒测试,白盒测试,单元测试,自动化测试。
●
相关链接 在五车中查询图书 在当当中查询图书 在豆瓣中查询图书


正题名:软件测试     索取号:TP311/143         预约/预借

序号 登录号 条形码 馆藏地/架位号 状态 备注
1 2000004310   2000004310   旧书回溯/ [索取号:TP311/143] 在馆    
山东省滨州职业学院图书馆 欢迎您!
大连网信软件有限公司© 版权所有